Score 0/16 Timer 03:00
0 Plays Today
Monkey Business No Monkey Business % Correct
PAEApe
98.7%
BNANAABanana
96.4%
GKNI NKGOKing Kong
95.4%
OEKNYMMonkey
94.6%
NWE RODLWNew World
92.8%
AMNHUHuman
89.9%
PNEMECAIZHChimpanzee
86.5%
RMEULLemur
85.4%
Monkey Business No Monkey Business % Correct
TGUNRNAAOOrangutan
77.3%
EANJ ADGLLOOJane Goodall
66.8%
RGALOLIGorilla
62.8%
AMISINSimian
52.4%
BBGONIGibbon
52.1%
UCPAINHCCapuchin
28.2%
OULEVTNIOEvolution
22.7%
TOREAMMSMarmoset
17.5%

You're not logged in!

Compare scores with friends on all Sporcle quizzes.
OR
Log In

Sporcle TV

Today on Sporcle TV


Watch our educational content, quiz creation guides, and fun videos on Sporcle TV.

Show Comments

Extras

Top Quizzes Today


Score Distribution

Your Account Isn't Verified!

In order to create a playlist on Sporcle, you need to verify the email address you used during registration. Go to your Sporcle Settings to finish the process.

Report this User

Report this user for behavior that violates our Community Guidelines.

Details: